| 000 | 00614nam a2200205 a 4500 | ||
|---|---|---|---|
| 005 | 20210219152951.0 | ||
| 008 | 991125n 000 0 u | ||
| 035 | _aUPN01000069525 | ||
| 100 | _aPATIÑO ROJAS, Jose Luis | ||
| 222 | _aREVISTA DEL INSTITUTO NACIONAL DE PEDAGOGIA | ||
| 245 | _aContribución al estudio de la inadaptación escolar en México | ||
| 300 | _a1-20 | ||
| 362 | _a1952 Año 6, no. 21-23, abr.-oct. | ||
| 653 | 0 | _aADAPTACION SOCIAL | |
| 653 | 0 | _aDESARROLLO EMOCIONAL | |
| 653 | 0 | _aNIÑOS | |
| 700 | _aCAMPOS ARTIGAS, Alfonso, coaut. | ||
| 904 |
_aAC _b007336 |
||
| 905 | _aArticulo | ||
| 999 |
_c64998 _d64998 |
||